[Event "4. Torneo Internacional A.D. San Juan"]
[Site "Pamplona ESP"]
[Date "2010.07.30"]
[Round "6.6"]
[White "Vazquez Igarza, Renier"]
[Black "Cori, Jorge"]
[Result "1/2-1/2"]
[WhiteElo "2527"]
[BlackElo "2486"]
[PlyCount "61"]
[EventDate "2010.07.26"]
[EventType "swiss"]
[EventRounds "9"]
[EventCountry "ESP"]
[Source "lmi"]
[SourceDate "2010.07.26"]

1. d4 d5 2. c4 c6 3. Nf3 Nf6 4. Nc3 a6 5. Ne5 b5 6. cxd5 cxd5 7. Bf4 Bb7 8. e3
Nbd7 9. Bd3 e6 10. O-O Be7 11. a4 b4 12. Na2 O-O 13. Nc1 Nxe5 14. Bxe5 Nd7 15.
Bg3 Nb6 16. Qc2 a5 17. Bb5 Nc4 18. Nd3 Qb6 19. Rfc1 Rfc8 20. Ne5 Nxe5 21. Bxe5
Bd6 22. Bxd6 Qxd6 23. Qd1 f6 24. h3 g6 25. Qg4 Kf7 26. f4 Rc7 27. Qh4 Kg7 28.
Rxc7+ Qxc7 29. Qg4 Kf7 30. Qh4 Kg7 31. Qg4 1/2-1/2

[Event "4. Torneo Internacional A.D. San Juan"]
[Site "Pamplona ESP"]
[Date "2010.07.30"]
[Round "6.7"]
[White "Cabrera Trujillo, Jorge"]
[Black "Gonzalez Vidal, Yuri"]
[Result "0-1"]
[WhiteElo "2365"]
[BlackElo "2522"]
[PlyCount "100"]
[EventDate "2010.07.26"]
[EventType "swiss"]
[EventRounds "9"]
[EventCountry "ESP"]
[Source "lmi"]
[SourceDate "2010.07.26"]

1. e4 c6 2. d4 d5 3. Nc3 dxe4 4. Nxe4 Nd7 5. Ng5 Ngf6 6. Bd3 e6 7. N1f3 Bd6 8.
Qe2 h6 9. Ne4 Nxe4 10. Qxe4 Qc7 11. O-O b6 12. Qg4 Kf8 13. b3 Bb7 14. Bb2 Nf6
15. Qh4 Nd5 16. Ne5 g5 17. Qg4 Nf4 18. Rae1 Rg8 19. Be4 f5 20. Bxf5 h5 21. Qd1
exf5 22. Nc4 Rd8 23. Bc1 c5 24. Bxf4 gxf4 25. d5 f3 26. Qxf3 Bxd5 27. Qxf5+ Qf7
28. Qxf7+ Kxf7 29. Nxd6+ Rxd6 30. f3 Re6 31. Rxe6 Bxe6 32. Rd1 Bf5 33. Rd2 c4
34. c3 Rc8 35. b4 Bd3 36. Kf2 Re8 37. g3 Kf6 38. h4 Kf5 39. a4 Re5 40. Rb2 Ke6
41. b5 Kd5 42. Rd2 Kc5 43. Rb2 Re8 44. Rd2 Re5 45. Rb2 Bf5 46. Ra2 Kd6 47. Rd2+
Rd5 48. Ra2 Rd3 49. Ra3 Kc5 50. Ke2 Be6 0-1

[Event "4. Torneo Internacional A.D. San Juan"]
[Site "Pamplona ESP"]
[Date "2010.07.30"]
[Round "6.8"]
[White "Del Rio De Angelis, Salvador G"]
[Black "Pavlovic, Milos M"]
[Result "1/2-1/2"]
[WhiteElo "2521"]
[BlackElo "2483"]
[PlyCount "86"]
[EventDate "2010.07.26"]
[EventType "swiss"]
[EventRounds "9"]
[EventCountry "ESP"]
[Source "lmi"]
[SourceDate "2010.07.26"]

1. d4 Nf6 2. c4 g6 3. Nc3 d5 4. cxd5 Nxd5 5. e4 Nxc3 6. bxc3 Bg7 7. Bb5+ Bd7 8.
Be2 c5 9. Nf3 Bc6 10. Qd3 cxd4 11. cxd4 Nd7 12. Rb1 b6 13. O-O O-O 14. Bg5 Bb7
15. Qe3 Nf6 16. d5 Rc8 17. h3 Nd7 18. Rbc1 Rxc1 19. Rxc1 Nc5 20. Rd1 Qd7 21.
Nd4 a6 22. Nb3 Na4 23. Bg4 f5 24. exf5 gxf5 25. Bf3 Nc3 26. Rd3 Nxd5 27. Bxd5+
Bxd5 28. Qxb6 e6 29. Qxa6 Qc7 30. Rd1 f4 31. Qe2 f3 32. gxf3 Qf7 33. f4 h6 34.
Bh4 Qxf4 35. Bg3 Qf5 36. Qg4 Qxg4 37. hxg4 Bf3 38. Rd6 Ra8 39. Rxe6 Rxa2 40.
Bf4 Bxg4 41. Rg6 Bf5 42. Rd6 h5 43. Nd4 Bxd4 1/2-1/2

[Event "4. Torneo Internacional A.D. San Juan"]
[Site "Pamplona ESP"]
[Date "2010.07.30"]
[Round "6.9"]
[White "Epishin, Vladimir"]
[Black "Alberto, Manuel"]
[Result "1-0"]
[WhiteElo "2598"]
[BlackElo "2140"]
[PlyCount "65"]
[EventDate "2010.07.26"]
[EventType "swiss"]
[EventRounds "9"]
[EventCountry "ESP"]
[Source "lmi"]
[SourceDate "2010.07.26"]

1. d4 Nf6 2. Nf3 g6 3. g3 Bg7 4. Bg2 d6 5. O-O O-O 6. a4 a5 7. Bf4 Na6 8. Nc3
c5 9. d5 Nh5 10. Bc1 Bd7 11. Re1 f5 12. e4 f4 13. Ra3 fxg3 14. hxg3 Bg4 15. Ne2
Nc7 16. Nh2 Bd7 17. c4 Qc8 18. Re3 Na6 19. b3 Nb4 20. Bd2 Rf7 21. Bc3 Bh6 22.
Rf3 Bg4 23. Rxf7 Kxf7 24. e5 Kg8 25. e6 Bxe2 26. Rxe2 Qf8 27. Be4 Bg7 28. Bd2
Bd4 29. Kg2 Kh8 30. Nf3 Bg7 31. Ng5 Nf6 32. Qh1 Kg8 33. Nxh7 1-0

[Event "4. Torneo Internacional A.D. San Juan"]
[Site "Pamplona ESP"]
[Date "2010.07.30"]
[Round "6.10"]
[White "Delchev, Aleksander"]
[Black "Mestre Bellido, Hector"]
[Result "1-0"]
[WhiteElo "2632"]
[BlackElo "2404"]
[PlyCount "33"]
[EventDate "2010.07.26"]
[EventType "swiss"]
[EventRounds "9"]
[EventCountry "ESP"]
[Source "lmi"]
[SourceDate "2010.07.26"]

1. e4 e5 2. Nf3 Nc6 3. Nc3 Nf6 4. Bb5 Bb4 5. O-O d6 6. Nd5 Bc5 7. d4 exd4 8. b4
Bb6 9. Bg5 Bd7 10. Re1 h6 11. Bh4 Kf8 12. Nxf6 gxf6 13. Bxc6 bxc6 14. e5 dxe5
15. Nxe5 Be8 16. Ng4 Qd6 17. Bxf6 1-0

[Event "4. Torneo Internacional A.D. San Juan"]
[Site "Pamplona ESP"]
[Date "2010.07.31"]
[Round "7.1"]
[White "Oleksienko, Mikhailo"]
[Black "Bruzon Batista, Lazaro"]
[Result "1/2-1/2"]
[WhiteElo "2548"]
[BlackElo "2653"]
[PlyCount "29"]
[EventDate "2010.07.26"]
[EventType "swiss"]
[EventRounds "9"]
[EventCountry "ESP"]
[Source "lmi"]
[SourceDate "2010.07.26"]

1. e4 e5 2. Nf3 Nc6 3. Bc4 Bc5 4. c3 Nf6 5. d3 a6 6. Bb3 Ba7 7. h3 O-O 8. Bg5
d6 9. Nbd2 Be6 10. Nf1 Qe7 11. Ne3 Bxe3 12. fxe3 Bxb3 13. Qxb3 Rab8 14. O-O Qe6
15. Bxf6 1/2-1/2

[Event "4. Torneo Internacional A.D. San Juan"]
[Site "Pamplona ESP"]
[Date "2010.07.31"]
[Round "7.2"]
[White "Del Rio De Angelis, Salvador G"]
[Black "Delchev, Aleksander"]
[Result "1/2-1/2"]
[WhiteElo "2521"]
[BlackElo "2632"]
[PlyCount "69"]
[EventDate "2010.07.26"]
[EventType "swiss"]
[EventRounds "9"]
[EventCountry "ESP"]
[Source "lmi"]
[SourceDate "2010.07.26"]

1. d4 d5 2. c4 c6 3. Nf3 Nf6 4. Nc3 dxc4 5. a4 Bf5 6. e3 e6 7. Bxc4 Bb4 8. O-O
O-O 9. Qe2 Bg6 10. Ne5 Nbd7 11. Nxg6 hxg6 12. Rd1 Qa5 13. e4 e5 14. d5 Rad8 15.
dxc6 bxc6 16. Bg5 Nb6 17. Bb3 Bxc3 18. bxc3 Qxc3 19. Qa2 Rxd1+ 20. Rxd1 Qb4 21.
a5 Nbd7 22. f3 Qe7 23. Be3 c5 24. Qd2 Rc8 25. Bc4 Nb8 26. Qf2 Nfd7 27. Qg3 Nf8
28. h4 Ne6 29. Qxe5 Nc6 30. Qc3 Ncd4 31. Bf2 g5 32. hxg5 Qxg5 33. Be3 Qe5 34.
Rb1 Rb8 35. Rxb8+ 1/2-1/2

[Event "4. Torneo Internacional A.D. San Juan"]
[Site "Pamplona ESP"]
[Date "2010.07.31"]
[Round "7.3"]
[White "Vera Gonzalez-Quevedo, Reynaldo"]
[Black "Balogh, Csaba"]
[Result "1/2-1/2"]
[WhiteElo "2513"]
[BlackElo "2628"]
[PlyCount "81"]
[EventDate "2010.07.26"]
[EventType "swiss"]
[EventRounds "9"]
[EventCountry "ESP"]
[Source "lmi"]
[SourceDate "2010.07.26"]

1. d4 d5 2. c4 c6 3. Nc3 Nf6 4. e3 g6 5. Nf3 Bg7 6. Be2 O-O 7. O-O e6 8. Qc2
Nbd7 9. Rd1 Re8 10. a4 a5 11. b3 b6 12. Ba3 Bb7 13. Rac1 Qb8 14. Qb1 Qa7 15.
Bd6 Rac8 16. Ne5 Ba6 17. Bf3 Nxe5 18. Bxe5 Qe7 19. e4 dxc4 20. bxc4 Bxc4 21.
Bxf6 Bxf6 22. e5 Bg5 23. Ne4 Bd5 24. Rc3 Bxe4 25. Bxe4 b5 26. axb5 cxb5 27.
Rxc8 Rxc8 28. Qxb5 Qa7 29. Qa4 Kg7 30. g3 Rd8 31. d5 Qc5 32. dxe6 Rxd1+ 33.
Qxd1 Qxe5 34. Bc2 Qxe6 35. Qa1+ Bf6 36. Qxa5 Qe2 37. Qa4 Qd2 38. Bb3 Bd4 39.
Qa2 Bxf2+ 40. Kg2 Qxa2 41. Bxa2 1/2-1/2

[Event "4. Torneo Internacional A.D. San Juan"]
[Site "Pamplona ESP"]
[Date "2010.07.31"]
[Round "7.4"]
[White "Tregubov, Pavel V"]
[Black "Alvarez Pedraza, Aramis"]
[Result "0-1"]
[WhiteElo "2610"]
[BlackElo "2496"]
[PlyCount "128"]
[EventDate "2010.07.26"]
[EventType "swiss"]
[EventRounds "9"]
[EventCountry "ESP"]
[Source "lmi"]
[SourceDate "2010.07.26"]

1. d4 Nf6 2. c4 e6 3. Nf3 Bb4+ 4. Bd2 a5 5. g3 b6 6. Bg2 Bb7 7. O-O O-O 8. Bf4
Be7 9. Nc3 Ne4 10. Qc2 Nxc3 11. Qxc3 d6 12. Rfe1 f5 13. Rad1 Nd7 14. Qe3 Kf7
15. Ng5+ Bxg5 16. Bxg5 Qc8 17. d5 Nc5 18. Qc3 Kg8 19. Bc1 Qe8 20. b3 Qg6 21. a3
e5 22. b4 Nd7 23. Qc2 Qh5 24. f4 axb4 25. axb4 Rae8 26. e4 exf4 27. Bxf4 fxe4
28. Rxe4 Rxe4 29. Bxe4 Re8 30. Rf1 Nf6 31. Bf3 Qh3 32. Bg2 Qh5 33. h3 Nd7 34.
g4 Qg6 35. Qc3 Bc8 36. Re1 Qf7 37. Bg3 h6 38. Kh2 Re7 39. Qa1 Rxe1 40. Qxe1 Ba6
41. Qe4 Nf6 42. Qd4 Ne8 43. c5 bxc5 44. bxc5 Bf1 45. Be4 Qe7 46. c6 Nf6 47. Bf3
Be2 48. Bg2 Kf7 49. Qf2 Bc4 50. Bf3 Kg8 51. Qd4 Be2 52. Bg2 Kf7 53. Kg1 Kg8 54.
Kf2 Ba6 55. Bf3 Qf7 56. h4 h5 57. g5 Ng4+ 58. Kg2 Bf1+ 59. Kxf1 Qxf3+ 60. Bf2
Nxf2 61. Qxf2 Qd1+ 62. Qe1 Qxe1+ 63. Kxe1 Kf7 64. Ke2 Kg6 0-1

[Event "4. Torneo Internacional A.D. San Juan"]
[Site "Pamplona ESP"]
[Date "2010.07.31"]
[Round "7.5"]
[White "Ninov, Nikolai"]
[Black "Epishin, Vladimir"]
[Result "1/2-1/2"]
[WhiteElo "2512"]
[BlackElo "2598"]
[PlyCount "23"]
[EventDate "2010.07.26"]
[EventType "swiss"]
[EventRounds "9"]
[EventCountry "ESP"]
[Source "lmi"]
[SourceDate "2010.07.26"]

1. e4 c5 2. Nf3 e6 3. d4 cxd4 4. Nxd4 Bc5 5. Nb5 d6 6. Be3 Nc6 7. N1c3 a6 8.
Nd4 Bd7 9. Qd2 Nf6 10. f3 O-O 11. O-O-O b5 12. Nxc6 1/2-1/2

[Event "4. Torneo Internacional A.D. San Juan"]
[Site "Pamplona ESP"]
[Date "2010.07.31"]
[Round "7.6"]
[White "Cori, Jorge"]
[Black "Paunovic, Dragan"]
[Result "1/2-1/2"]
[WhiteElo "2486"]
[BlackElo "2553"]
[PlyCount "109"]
[EventDate "2010.07.26"]
[EventType "swiss"]
[EventRounds "9"]
[EventCountry "ESP"]
[Source "lmi"]
[SourceDate "2010.07.26"]

1. d4 Nf6 2. Nf3 g6 3. c4 Bg7 4. Nc3 d6 5. g3 O-O 6. Bg2 c6 7. O-O Bf5 8. Ne1
e5 9. d5 cxd5 10. Nxd5 Nxd5 11. Bxd5 Nd7 12. e4 Bh3 13. Ng2 Qc7 14. Re1 Nb6 15.
b3 Nxd5 16. Qxd5 Be6 17. Qd2 Rfd8 18. a4 a6 19. Ne3 b5 20. cxb5 axb5 21. Bb2
bxa4 22. bxa4 Qb7 23. Nd5 Bxd5 24. exd5 Rdc8 25. Reb1 Rab8 26. Kg2 Qb4 27. Qxb4
Rxb4 28. Bc1 Rxb1 29. Rxb1 f5 30. Ra1 e4 31. Ra3 Bd4 32. a5 Bc5 33. Ra2 Kf7 34.
Bd2 Rb8 35. h3 Kf6 36. Bc3+ Ke7 37. Bd2 Kd7 38. a6 Kc7 39. Ba5+ Kc8 40. Bd2 Ra8
41. g4 Kc7 42. gxf5 gxf5 43. Kg3 Kb6 44. Be1 Ka7 45. Kf4 Re8 46. Bc3 e3 47.
fxe3 Rxe3 48. Bf6 Rxh3 49. Kxf5 h5 50. Ke6 Rg3 51. Rh2 Kxa6 52. Rxh5 Kb5 53.
Rg5 Rh3 54. Rg6 Rh5 55. Bg7 1/2-1/2

[Event "4. Torneo Internacional A.D. San Juan"]
[Site "Pamplona ESP"]
[Date "2010.07.31"]
[Round "7.7"]
[White "Pavlovic, Milos M"]
[Black "Shchekachev, Andrei"]
[Result "1-0"]
[WhiteElo "2483"]
[BlackElo "2546"]
[PlyCount "65"]
[EventDate "2010.07.26"]
[EventType "swiss"]
[EventRounds "9"]
[EventCountry "ESP"]
[Source "lmi"]
[SourceDate "2010.07.26"]

1. e4 c5 2. Nf3 d6 3. d4 cxd4 4. Nxd4 Nf6 5. Nc3 a6 6. Be3 Nc6 7. Be2 e6 8. Qd2
Be7 9. f4 O-O 10. O-O-O Nd7 11. Bf3 Qc7 12. Kb1 Nxd4 13. Qxd4 b5 14. h4 Rb8 15.
h5 b4 16. Ne2 Nc5 17. g4 Bb7 18. Ng3 Rfc8 19. h6 e5 20. Qc4 g6 21. f5 Bf8 22.
g5 a5 23. fxg6 hxg6 24. Bxc5 dxc5 25. Bg4 Rd8 26. Rdf1 Rd4 27. Rxf7 Rxc4 28.
Rxc7 Rd4 29. Rf1 Rd6 30. Be2 Bc6 31. Bc4+ Kh8 32. Rcf7 Rdd8 33. R7f6 1-0

[Event "4. Torneo Internacional A.D. San Juan"]
[Site "Pamplona ESP"]
[Date "2010.07.31"]
[Round "7.8"]
[White "Kogan, Artur"]
[Black "Ipatov, Alexander"]
[Result "0-1"]
[WhiteElo "2541"]
[BlackElo "2507"]
[PlyCount "102"]
[EventDate "2010.07.26"]
[EventType "swiss"]
[EventRounds "9"]
[EventCountry "ESP"]
[Source "lmi"]
[SourceDate "2010.07.26"]

1. e4 c6 2. d4 Na6 3. Nf3 g6 4. Nc3 Nc7 5. Bf4 d6 6. Qd2 Bg4 7. Bc4 Bxf3 8.
gxf3 Bg7 9. O-O-O e6 10. h4 d5 11. Bb3 h5 12. Ne2 a5 13. a3 Ne7 14. Rhg1 Nb5
15. c4 Nd6 16. c5 Nb5 17. a4 Nc7 18. Bg5 Na6 19. exd5 cxd5 20. Nf4 Nb4 21. Rde1
Nbc6 22. Nxe6 fxe6 23. Bxe7 Qxe7 24. Rxg6 Nxd4 25. Bxd5 O-O-O 26. Bxe6+ Nxe6
27. Rexe6 Qxe6 28. Rxe6 Rxd2 29. Kxd2 Rd8+ 30. Ke3 Bxb2 31. f4 Bd4+ 32. Kf3
Bxc5 33. Re5 b6 34. Rxh5 Kc7 35. Rh7+ Rd7 36. Rh8 Kc6 37. h5 Kd5 38. h6 Kc4 39.
f5 Kb4 40. Kg4 Kxa4 41. f6 Rf7 42. h7 Bd4 43. Rd8 Bxf6 44. Rd6 Rxh7 45. Rxf6 b5
46. f4 b4 47. f5 Rb7 48. Re6 b3 49. Re4+ Ka3 50. Re3 Ka2 51. f6 b2 0-1

[Event "4. Torneo Internacional A.D. San Juan"]
[Site "Pamplona ESP"]
[Date "2010.07.31"]
[Round "7.9"]
[White "Nanu, Ciprian-Costica"]
[Black "Hernando Rodrigo, Jose Maria"]
[Result "1-0"]
[WhiteElo "2515"]
[BlackElo "2328"]
[PlyCount "117"]
[EventDate "2010.07.26"]
[EventType "swiss"]
[EventRounds "9"]
[EventCountry "ESP"]
[Source "lmi"]
[SourceDate "2010.07.26"]

1. d4 Nf6 2. Nf3 d5 3. c4 e6 4. g3 c6 5. Nbd2 Bd6 6. Bg2 O-O 7. O-O Nbd7 8. Qc2
Qe7 9. Re1 e5 10. dxe5 Nxe5 11. Nxe5 Qxe5 12. cxd5 cxd5 13. Nf3 Qh5 14. Be3 Ne4
15. Rad1 Be6 16. Nd4 Nf6 17. f3 a6 18. Qd2 Qg6 19. Rc1 Rac8 20. Bf4 Bxf4 21.
Qxf4 Nh5 22. Qd2 Qf6 23. e3 Qe5 24. Kf2 Nf6 25. Rxc8 Rxc8 26. Rc1 h5 27. Rxc8+
Bxc8 28. Qc3 Bd7 29. h4 Qd6 30. a3 Nh7 31. Ne2 Nf8 32. Nf4 g6 33. Qd4 Be6 34.
e4 Qc7 35. exd5 Qc2+ 36. Kg1 Bf5 37. d6 Nd7 38. Nd5 Be6 39. Ne3 Qe2 40. Nf1 Ne5
41. f4 Ng4 42. d7 Bxd7 43. Qxd7 Qxb2 44. Bh3 Qf2+ 45. Kh1 Qf3+ 46. Bg2 Qxa3 47.
Bd5 Nh6 48. Qxb7 a5 49. Qd7 a4 50. Qe8+ Kg7 51. Qe5+ Kh7 52. Qe2 Qc3 53. Ne3 a3
54. Kg2 Kg7 55. Nd1 Qc1 56. Qd3 Nf5 57. Kh2 Kg8 58. Ba2 Nh6 59. Qxg6+ 1-0

[Event "4. Torneo Internacional A.D. San Juan"]
[Site "Pamplona ESP"]
[Date "2010.07.31"]
[Round "8.1"]
[White "Almeida Quintana, Omar"]
[Black "Oleksienko, Mikhailo"]
[Result "1/2-1/2"]
[WhiteElo "2559"]
[BlackElo "2548"]
[PlyCount "28"]
[EventDate "2010.07.26"]
[EventType "swiss"]
[EventRounds "9"]
[EventCountry "ESP"]
[Source "lmi"]
[SourceDate "2010.07.26"]

1. d4 Nf6 2. c4 e6 3. Nf3 b6 4. Nc3 Bb4 5. Bg5 h6 6. Bh4 Bb7 7. Nd2 Nc6 8. e3
Ne7 9. f3 Ng6 10. Bf2 c5 11. a3 cxd4 12. axb4 dxc3 13. bxc3 O-O 14. Be2 d5
1/2-1/2

[Event "4. Torneo Internacional A.D. San Juan"]
[Site "Pamplona ESP"]
[Date "2010.07.31"]
[Round "8.2"]
[White "Bruzon Batista, Lazaro"]
[Black "Alvarez Pedraza, Aramis"]
[Result "1-0"]
[WhiteElo "2653"]
[BlackElo "2496"]
[PlyCount "55"]
[EventDate "2010.07.26"]
[EventType "swiss"]
[EventRounds "9"]
[EventCountry "ESP"]
[Source "lmi"]
[SourceDate "2010.07.26"]

1. e4 g6 2. d4 Bg7 3. Nf3 d6 4. Bc4 e6 5. Bb3 Ne7 6. O-O b6 7. Re1 Bb7 8. Nbd2
Nd7 9. c3 O-O 10. Nf1 h6 11. Ng3 a6 12. h3 Kh7 13. Bc2 c5 14. Bf4 e5 15. Be3
Qc7 16. Rc1 Rad8 17. Qe2 Nc6 18. Bb1 exd4 19. cxd4 Rfe8 20. Qd2 Qb8 21. d5 Nce5
22. Nh2 b5 23. b3 Nb6 24. f4 Ned7 25. Ng4 b4 26. Qf2 a5 27. Bd3 Re7 28. f5 1-0

[Event "4. Torneo Internacional A.D. San Juan"]
[Site "Pamplona ESP"]
[Date "2010.07.31"]
[Round "8.3"]
[White "Ipatov, Alexander"]
[Black "Pavlovic, Milos M"]
[Result "1/2-1/2"]
[WhiteElo "2507"]
[BlackElo "2483"]
[PlyCount "42"]
[EventDate "2010.07.26"]
[EventType "swiss"]
[EventRounds "9"]
[EventCountry "ESP"]
[Source "lmi"]
[SourceDate "2010.07.26"]

1. d4 Nf6 2. Bg5 e6 3. e4 h6 4. Bxf6 Qxf6 5. Nc3 d6 6. Nf3 g6 7. Qd2 Bg7 8.
O-O-O Qe7 9. Bd3 Nd7 10. Rhe1 O-O 11. e5 c5 12. Ne4 cxd4 13. exd6 Qd8 14. g4 b6
15. g5 h5 16. Bb5 Bb7 17. Bxd7 Bxe4 18. Rxe4 Qxd7 19. Rxd4 Rfc8 20. Re4 Rc5 21.
Qe2 Rd5 1/2-1/2

[Event "4. Torneo Internacional A.D. San Juan"]
[Site "Pamplona ESP"]
[Date "2010.07.31"]
[Round "8.4"]
[White "Delchev, Aleksander"]
[Black "Cori, Jorge"]
[Result "1/2-1/2"]
[WhiteElo "2632"]
[BlackElo "2486"]
[PlyCount "76"]
[EventDate "2010.07.26"]
[EventType "swiss"]
[EventRounds "9"]
[EventCountry "ESP"]
[Source "lmi"]
[SourceDate "2010.07.26"]

1. e4 e5 2. Nf3 Nc6 3. Nc3 Nf6 4. Bb5 Bb4 5. O-O O-O 6. d3 d6 7. Bg5 Bxc3 8.
bxc3 Qe7 9. Re1 Nd8 10. d4 a6 11. Bd3 h6 12. Bd2 Bg4 13. h3 Bh5 14. g4 Bg6 15.
Nh4 Nd7 16. Nf5 Qf6 17. f4 Ne6 18. fxe5 dxe5 19. Rf1 Bxf5 20. exf5 Ng5 21. h4
Nh3+ 22. Kg2 Nf4+ 23. Bxf4 exf4 24. Qf3 Qxh4 25. Rh1 Qg3+ 26. Qxg3 fxg3 27. g5
hxg5 28. Rh3 Rfd8 29. Rah1 Kf8 30. Re1 Nf6 31. Rh8+ Ng8 32. Re3 Rd6 33. Rh5 g4
34. Kxg3 Nh6 35. Kf4 Re8 36. Re5 Rc6 37. c4 Rd6 38. d5 b6 1/2-1/2

[Event "4. Torneo Internacional A.D. San Juan"]
[Site "Pamplona ESP"]
[Date "2010.07.31"]
[Round "8.5"]
[White "Balogh, Csaba"]
[Black "Riff, Jean-Noel"]
[Result "1/2-1/2"]
[WhiteElo "2628"]
[BlackElo "2500"]
[PlyCount "60"]
[EventDate "2010.07.26"]
[EventType "swiss"]
[EventRounds "9"]
[EventCountry "ESP"]
[Source "lmi"]
[SourceDate "2010.07.26"]

1. e4 c5 2. Nf3 e6 3. d4 cxd4 4. Nxd4 Nf6 5. Nc3 d6 6. g4 h6 7. Bg2 Nc6 8. h3
a6 9. Be3 Ne5 10. Qe2 g5 11. f4 gxf4 12. Bxf4 Nfd7 13. O-O-O b5 14. Qf2 Bb7 15.
Rhf1 Rh7 16. Kb1 Qc7 17. Nce2 O-O-O 18. Ng3 Kb8 19. Nh5 Be7 20. Rfe1 Rc8 21.
Nf3 Nc4 22. Bc1 Nc5 23. Nd4 Na4 24. Bf1 Ka8 25. Nf3 Ncxb2 26. Bxb2 Nxb2 27.
Kxb2 Qc3+ 28. Kb1 Qb4+ 29. Ka1 Qc3+ 30. Kb1 Qb4+ 1/2-1/2

[Event "4. Torneo Internacional A.D. San Juan"]
[Site "Pamplona ESP"]
[Date "2010.07.31"]
[Round "8.6"]
[White "Epishin, Vladimir"]
[Black "Pogorelov, Ruslan"]
[Result "1-0"]
[WhiteElo "2598"]
[BlackElo "2424"]
[PlyCount "36"]
[EventDate "2010.07.26"]
[EventType "swiss"]
[EventRounds "9"]
[EventCountry "ESP"]
[Source "lmi"]
[SourceDate "2010.07.26"]

1. d4 Nf6 2. Nf3 e6 3. c4 b6 4. g3 Ba6 5. b3 Bb4+ 6. Bd2 Be7 7. Nc3 O-O 8. e4
d5 9. e5 Ne4 10. Bd3 Nxc3 11. Bxc3 Bb7 12. O-O c5 13. Qe2 cxd4 14. Nxd4 Nc6 15.
Nxc6 Bxc6 16. Rfd1 Rc8 17. cxd5 Bxd5 18. Rac1 a5 1-0

[Event "4. Torneo Internacional A.D. San Juan"]
[Site "Pamplona ESP"]
[Date "2010.07.31"]
[Round "8.7"]
[White "Paunovic, Dragan"]
[Black "Ninov, Nikolai"]
[Result "1/2-1/2"]
[WhiteElo "2553"]
[BlackElo "2512"]
[PlyCount "166"]
[EventDate "2010.07.26"]
[EventType "swiss"]
[EventRounds "9"]
[EventCountry "ESP"]
[Source "lmi"]
[SourceDate "2010.07.26"]

1. Nf3 c5 2. g3 Nc6 3. Bg2 d5 4. O-O e6 5. c4 dxc4 6. Na3 Nge7 7. Nxc4 Nf5 8.
d3 Be7 9. Ne3 Nfd4 10. Nxd4 Nxd4 11. Nc2 Nf5 12. e4 Nd4 13. Be3 O-O 14. Nxd4
cxd4 15. Bf4 Bd7 16. e5 Qa5 17. h4 Qb5 18. Re1 Rfc8 19. Be4 Bc6 20. b3 Bxe4 21.
Rxe4 Ba3 22. Qe2 Qd5 23. Rd1 Rc3 24. h5 h6 25. Bd2 Rc7 26. Qg4 Kh7 27. Rxd4
Qxe5 28. Re1 Qf6 29. Qe4+ Kg8 30. Bf4 Re7 31. Be5 Qf5 32. Qe2 f6 33. Bd6 Bxd6
34. Rxd6 Rae8 35. Rd4 e5 36. Re4 Rf7 37. d4 Ref8 38. dxe5 fxe5 39. Rf1 Re7 40.
Kg2 Qe6 41. Re1 Qc6 42. Qc4+ Qxc4 43. Rxc4 Rd8 44. Re2 Kf7 45. Kf3 Kf6 46. Rg4
Kf5 47. Rg6 e4+ 48. Kg2 Rd3 49. Rc2 b6 50. Kf1 Ke5 51. Ke2 Rf3 52. Rg4 Ref7 53.
Ke1 e3 54. fxe3 Rxe3+ 55. Re2 Rxe2+ 56. Kxe2 Rc7 57. Kd3 Kf6 58. Rg6+ Kf7 59.
a4 Rc5 60. g4 Ra5 61. Rc6 Rd5+ 62. Kc4 Rg5 63. Rc7+ Ke6 64. Rxa7 Kd6 65. Rf7
b5+ 66. Kb4 bxa4 67. bxa4 Rxg4+ 68. Kb5 Rg5+ 69. Kb6 Rxh5 70. Rxg7 Rh1 71. a5
Rb1+ 72. Ka7 h5 73. a6 Kc6 74. Rh7 h4 75. Rxh4 Kc7 76. Rh7+ Kc8 77. Rb7 Ra1 78.
Rb6 Rc1 79. Rb8+ Kc7 80. Rb7+ Kc8 81. Kb6 Rb1+ 82. Kc6 Rxb7 83. axb7+ Kb8
1/2-1/2

[Event "4. Torneo Internacional A.D. San Juan"]
[Site "Pamplona ESP"]
[Date "2010.07.31"]
[Round "8.8"]
[White "Mullon, Jean-Baptiste"]
[Black "Vazquez Igarza, Renier"]
[Result "0-1"]
[WhiteElo "2442"]
[BlackElo "2527"]
[PlyCount "78"]
[EventDate "2010.07.26"]
[EventType "swiss"]
[EventRounds "9"]
[EventCountry "ESP"]
[Source "lmi"]
[SourceDate "2010.07.26"]

1. e4 c5 2. Nf3 e6 3. d4 cxd4 4. Nxd4 Nc6 5. Nc3 d6 6. Be3 Nf6 7. f4 Be7 8. Qd2
e5 9. Nf3 O-O 10. O-O-O Qa5 11. a3 exf4 12. Bxf4 Be6 13. Ng5 Ne5 14. Nb5 Qxd2+
15. Rxd2 Ne8 16. h4 a6 17. Nd4 Bc8 18. Be2 Ng6 19. Be3 h6 20. Ngf3 Nf6 21. h5
Ne5 22. Nxe5 dxe5 23. Nf5 Bxf5 24. exf5 Ne4 25. Rd7 Ng3 26. Re1 Nxf5 27. Rxb7
Bh4 28. Rh1 Nxe3 29. Rxh4 Nxg2 30. Re4 Rae8 31. Bxa6 Nf4 32. a4 Nxh5 33. Bb5
Re6 34. Bc4 Ree8 35. a5 Ng3 36. Re1 h5 37. a6 h4 38. a7 e4 39. Rb3 Re7 0-1

[Event "4. Torneo Internacional A.D. San Juan"]
[Site "Pamplona ESP"]
[Date "2010.07.31"]
[Round "8.9"]
[White "Konguvel, Ponnuswamy"]
[Black "Del Rio De Angelis, Salvador G"]
[Result "1-0"]
[WhiteElo "2416"]
[BlackElo "2521"]
[PlyCount "51"]
[EventDate "2010.07.26"]
[EventType "swiss"]
[EventRounds "9"]
[EventCountry "ESP"]
[Source "lmi"]
[SourceDate "2010.07.26"]

1. e4 e6 2. d4 d5 3. Nc3 dxe4 4. Nxe4 Nd7 5. Nf3 Ngf6 6. Nxf6+ Nxf6 7. c3 Be7
8. Bf4 O-O 9. Bd3 c5 10. dxc5 Bxc5 11. Qc2 Bd6 12. Bg5 h6 13. h4 Qc7 14. Bxf6
gxf6 15. O-O-O Bd7 16. Kb1 Rfd8 17. Nd4 Bf8 18. g4 Bg7 19. Rdg1 Qc5 20. f4 b5
21. f5 b4 22. fxe6 fxe6 23. g5 fxg5 24. hxg5 h5 25. Qe2 bxc3 26. Qxh5 1-0

[Event "4. Torneo Internacional A.D. San Juan"]
[Site "Pamplona ESP"]
[Date "2010.07.31"]
[Round "8.10"]
[White "Nanu, Ciprian-Costica"]
[Black "Mogranzini, Roberto"]
[Result "1/2-1/2"]
[WhiteElo "2515"]
[BlackElo "2387"]
[PlyCount "91"]
[EventDate "2010.07.26"]
[EventType "swiss"]
[EventRounds "9"]
[EventCountry "ESP"]
[Source "lmi"]
[SourceDate "2010.07.26"]

1. d4 Nf6 2. Nf3 g6 3. c4 Bg7 4. g3 O-O 5. Bg2 d6 6. O-O Nc6 7. Nc3 Bf5 8. Ne1
Na5 9. e4 Bd7 10. b3 e5 11. d5 a6 12. Nd3 c5 13. dxc6 Nxc6 14. Ba3 Qa5 15. Qc1
Nd4 16. Re1 Nc2 17. Qxc2 Qxa3 18. Rad1 Bg4 19. f3 Be6 20. Qb2 Qa5 21. Kh1 Rfe8
22. a4 Nd7 23. Re2 Nb8 24. b4 Qd8 25. Nc5 Bxc4 26. Red2 Qc7 27. Rxd6 b6 28. Nd7
Nc6 29. f4 Rad8 30. Bh3 exf4 31. gxf4 Nb8 32. e5 Nxd7 33. Rxd7 Rxd7 34. Rxd7
Qc6+ 35. Qg2 Qxg2+ 36. Bxg2 Be6 37. Rd1 Rc8 38. Nd5 Rc4 39. b5 axb5 40. axb5
Bxd5 41. Bxd5 Rxf4 42. e6 fxe6 43. Bxe6+ Kf8 44. Bh3 Bd4 45. Rf1 Rxf1+ 46. Bxf1
1/2-1/2